[Event "Challenge"]
[Site "http://www.queenalice.com/game.php?id=211543"]
[Date "2007.5.16"]
[Round "-"]
[White "JUKIE78"]
[Black "afml"]
[Result "1-0"]
[WhiteElo "1414"]
[BlackElo "1175"]

1. g3 c5 2. c3 d6 3. e3 e5 4. Bg2 Nf6 5. Qa4+ Bd7 6. Qb3 Be7 7. Qxb7 Nc6 8. Bxc6
O-O 9. Qa6 Bg4 10. Bxa8 Qxa8 11. f4 Nd7 12. e4 Nb8 13. Qd3 Re8 14. h3 Bh5 15.
Nf3 Nd7 16. fxe5 c4 17. Qe3 Qb8 18. g4 Bg6 19. exd6 Bxd6 20. O-O Bxe4 21. Qf2
Qb7 22. Nd4 Bc5 23. Qxf7+ Kh8 24. Qxe8+ Nf8 25. Rxf8+ Bxf8 26. Qxf8# 1-0

[Event "Challenge"]
[Site "http://www.queenalice.com/game.php?id=212274"]
[Date "2007.5.17"]
[Round "-"]
[White "carlos31"]
[Black "afml"]
[Result "1-0"]
[WhiteElo "1618"]
[BlackElo "1145"]

1. e4 e6 2. d4 Bb4+ 3. c3 Ba5 4. Nf3 Nf6 5. Bg5 O-O 6. e5 d6 7. exf6 b6 8. fxg7
Qe8 9. gxf8=Q+ Qxf8 10. b4 Bxb4 11. cxb4 Nc6 12. Qc2 Nxb4 13. Qxc7 Nd5 14. Qc6
Nb4 15. Qxa8 Nc2+ 16. Kd2 Nxa1 17. Bb5 e5 18. Nc3 Kg7 19. Rxa1 f6 20. Qxa7+ Kg8
21. Bc4+ Kh8 22. Bd3 e4 23. Bxe4 Qg8 24. Bxf6+ Qg7 25. Qxg7# 1-0

[Event "Challenge"]
[Site "http://www.queenalice.com/game.php?id=212393"]
[Date "2007.5.17"]
[Round "-"]
[White "afml"]
[Black "castlerock"]
[Result "0-1"]
[WhiteElo "1172"]
[BlackElo "1086"]

1. Nf3 d5 2. d4 Nc6 3. Nc3 b6 4. e3 Bg4 5. Bb5 Qd6 6. Qe2 e6 7. O-O Nf6 8. Na4
O-O-O 9. a3 Ne7 10. Ba6+ Kb8 11. c4 h5 12. c5 Qd7 13. b3 h4 14. Bd2 Ne4 15. Bb4
Nc6 16. Bb5 h3 17. Bc3 hxg2 18. Rfe1 e5 19. dxe5 Qe6 20. b4 Nxe5 21. Qc2 Bxf3
22. cxb6 axb6 23. Bd4 Nd3 24. Qxd3 Qh3 25. Rac1 Qxh2# 0-1

[Event "AUTO-BEG-101"]
[Site "http://www.queenalice.com/game.php?id=212577"]
[Date "2007.5.18"]
[Round "1"]
[White "tijolo_"]
[Black "afml"]
[Result "1-0"]
[WhiteElo "1306"]
[BlackElo "1173"]

1. e4 e5 2. Bb5 Nf6 3. h3 Bb4 4. c3 Ba5 5. b4 Bb6 6. Nf3 Nxe4 7. d3 Nd6 8. Nxe5
Nxb5 9. a4 Qf6 10. d4 Nd6 11. a5 Bxd4 12. cxd4 Na6 13. O-O Ne4 14. Ra2 d5 15.
Qe1 Qh4 16. g3 Qxh3 17. f3 Nxg3 18. Kf2 Qh2+ 19. Ke3 Nf5+ 20. Kd3 O-O 21. Rxh2
Re8 22. Rfh1 Kf8 23. Rxh7 Ke7 24. Nxf7+ Kxf7 25. Qh4 Bd7 26. Qh5+ Ke6 27. Kc3 c5
28. bxc5 Rac8 29. Bg5 b6 30. Re1+ Ne3 31. Rxe3+ Kf5 32. Bf4+ Kf6 33. Rh6+ g6 34.
Rxg6+ Kf7 35. Qh7+ Kf8 36. Rg8# 1-0

[Event "AUTO-BEG-101"]
[Site "http://www.queenalice.com/game.php?id=212578"]
[Date "2007.5.18"]
[Round "1"]
[White "afml"]
[Black "tijolo_"]
[Result "1-0"]
[WhiteElo "1133"]
[BlackElo "1288"]

1. d3 e5 2. b3 Bb4+ 3. c3 Ba5 4. b4 Bb6 5. e3 Nf6 6. Nf3 O-O 7. d4 exd4 8. cxd4
c6 9. Bd3 d6 10. O-O Bc7 11. e4 d5 12. e5 Nh5 13. Ng5 f5 14. Qxh5 Qd7 15. Qxh7#
1-0

[Event "AUTO-BEG-101"]
[Site "http://www.queenalice.com/game.php?id=212589"]
[Date "2007.5.18"]
[Round "1"]
[White "harshul"]
[Black "afml"]
[Result "1-0"]
[WhiteElo "1381"]
[BlackElo "1160"]

1. e4 e6 2. c4 c6 3. d4 Bb4+ 4. Nc3 a6 5. a3 Ba5 6. b4 Bc7 7. Nf3 Nh6 8. Bg5 f6
9. Bxh6 gxh6 10. Nh4 f5 11. Qh5+ Ke7 12. Qxh6 Qg8 13. exf5 exf5 14. Nxf5+ Ke8
15. Bd3 b5 16. O-O d5 17. Ng7+ Kd8 18. Qf6+ Kd7 19. Bf5+ Qe6 20. Qxe6+ Kd8 21.
Qf6# 1-0

[Event "AUTO-BEG-101"]
[Site "http://www.queenalice.com/game.php?id=212590"]
[Date "2007.5.18"]
[Round "1"]
[White "afml"]
[Black "harshul"]
[Result "0-1"]
[WhiteElo "1145"]
[BlackElo "1393"]

1. e3 c5 2. c3 e5 3. Nf3 Nc6 4. Bd3 d5 5. O-O Nf6 6. Qa4 Bd7 7. c4 Nd4 8. exd4
Bxa4 9. Nc3 Bc6 10. dxe5 dxc4 11. Bxc4 h6 12. d4 cxd4 13. Ne2 d3 14. Ned4 Nd7
15. Bd2 Nxe5 16. Nxe5 Qxd4 17. Bxf7+ Kd8 18. Rae1 Qxb2 19. Ba5+ b6 20. Nxc6+ Kc7
21. Bxb6+ axb6 22. Ne7 Bxe7 23. Rxe7+ Kd6 24. Rfe1 d2 25. Rb7 dxe1=Q# 0-1

[Event "AUTO-BEG-101"]
[Site "http://www.queenalice.com/game.php?id=212595"]
[Date "2007.5.18"]
[Round "1"]
[White "lunga"]
[Black "afml"]
[Result "0-1"]
[WhiteElo "1041"]
[BlackElo "1155"]

1. e4 e6 2. d3 c6 3. h4 Bb4+ 4. c3 Bd6 5. Nf3 Nh6 6. Bg5 Qa5 7. b4 Qa6 8. Nd4 b5
9. Rh3 c5 10. Nb3 c4 11. Nd4 Qb6 12. h5 a5 13. Na3 axb4 14. Naxb5 Be5 15. Na3
bxa3 16. Rb1 Qa5 17. Kd2 Nc6 18. Ke3 Qxc3 19. Nc2 Bd4+ 20. Kf3 Ne5+ 21. Kf4 Ba6
22. Nb4 Bb5 23. Nc2 Bxf2 24. Rxb5 Neg4 25. Kf3 Ba7 26. Bd2 Qf6+ 27. Kg3 cxd3 28.
Bxd3 O-O 29. e5 Qf2# 0-1

[Event "Challenge"]
[Site "http://www.queenalice.com/game.php?id=213420"]
[Date "2007.5.19"]
[Round "-"]
[White "afml"]
[Black "Tlaloc2k"]
[Result "0-1"]
[WhiteElo "1155"]
[BlackElo "1568"]

1. e3 e5 2. d4 Qe7 3. b4 Qxb4+ 4. Ke2 exd4 5. exd4 Qe7+ 6. Kd2 d6 7. Ba3 Nf6 8.
Bb5+ c6 9. Ba4 Ne4+ 10. Kc1 Qg5+ 11. Kb2 b5 12. Nf3 Qxg2 13. Bb3 Bg4 14. Qe1
Qxf3 15. d5 Qf6+ 16. Kc1 Bf3 17. Rg1 Be7 18. Qa5 Bd8 19. Qb4 g6 20. Bb2 Qf4+ 21.
Nd2 Rf8 22. dxc6 Qxh2 23. Re1 Qxf2 24. Nxe4 Nxc6 25. Qd2 Qxd2+ 26. Kb1 Qxe1+ 27.
Bc1 Qxe4 28. Bh6 Rg8 29. a4 Be2 30. Bg5 Bxg5 31. axb5 Qh1+ 32. Kb2 Bf6+ 33. Ka2
Qxa1# 0-1

[Event "AUTO-OPEN-669"]
[Site "http://www.queenalice.com/game.php?id=213850"]
[Date "2007.5.20"]
[Round "1"]
[White "afml"]
[Black "Marchess"]
[Result "0-1"]
[WhiteElo "1145"]
[BlackElo "1907"]

1. e4 d5 2. Bd3 d4 3. Nh3 Bxh3 4. gxh3 e5 5. c4 c5 6. Qa4+ Nc6 7. Na3 a6 8. Be2
d3 9. Bg4 Nf6 10. Bf5 g6 11. Bg4 Qd4 12. Bf3 Bh6 13. h4 Nxe4 14. h5 Qxf2+ 15.
Kd1 Qxf3+ 16. Ke1 Qe2# 0-1

[Event "AUTO-OPEN-669"]
[Site "http://www.queenalice.com/game.php?id=213851"]
[Date "2007.5.20"]
[Round "1"]
[White "Marchess"]
[Black "afml"]
[Result "1-0"]
[WhiteElo "1901"]
[BlackElo "1194"]

1. e4 e5 2. Nf3 d6 3. Bc4 Nf6 4. d3 g6 5. Be3 Be7 6. h3 O-O 7. Qd2 Nc6 8. Nc3
Na5 9. Bb3 Nh5 10. Nd5 Nc6 11. Bh6 Re8 12. Nxe7+ Qxe7 13. Ng5 a5 14. Bxf7+ Kh8
15. Bxe8 Qxe8 16. O-O-O Nf4 17. g3 Ne6 18. Nxe6 Qxe6 19. f4 Qxa2 20. Qc3 Nd4 21.
Rde1 c5 22. Rhf1 Bxh3 23. Rf2 b5 24. b3 b4 25. Qb2 Qa3 26. Qxa3 bxa3 27. fxe5 a4
28. bxa4 Rxa4 29. Rf8# 1-0

[Event "AUTO-OPEN-669"]
[Site "http://www.queenalice.com/game.php?id=213852"]
[Date "2007.5.20"]
[Round "1"]
[White "afml"]
[Black "Vul_Klandinsky38"]
[Result "0-1"]
[WhiteElo "1188"]
[BlackElo "1835"]

1. e4 e6 2. Bd3 d5 3. Nf3 Nf6 4. e5 Nfd7 5. c4 c6 6. O-O Be7 7. b4 Bxb4 8. cxd5
cxd5 9. Ng5 Qxg5 10. a3 Be7 11. Nc3 O-O 12. Ne2 Nxe5 13. Bb5 Bd6 14. Nd4 Nbc6
15. Nf3 Nxf3+ 16. Qxf3 Ne5 17. Qh3 Qg6 18. Be2 Nc6 0-1

[Event "AUTO-OPEN-669"]
[Site "http://www.queenalice.com/game.php?id=213853"]
[Date "2007.5.20"]
[Round "1"]
[White "Vul_Klandinsky38"]
[Black "afml"]
[Result "1-0"]
[WhiteElo "1837"]
[BlackElo "1186"]

1. e4 e5 2. Nf3 Bd6 3. c3 Nf6 4. Bd3 c5 5. Bc2 O-O 6. O-O c4 7. Re1 b5 8. d4 Nc6
9. d5 Ne7 10. Bg5 Ng6 11. Nbd2 Qb6 12. Bxf6 Bc5 13. Bxe5 Bxf2+ 14. Kh1 Nxe5 15.
Nxe5 Qh6 16. Rf1 Bg3 17. Ng4 Qh4 18. Kg1 d6 19. hxg3 1-0

[Event "AUTO-OPEN-669"]
[Site "http://www.queenalice.com/game.php?id=213855"]
[Date "2007.5.20"]
[Round "1"]
[White "IkeBroflovski"]
[Black "afml"]
[Result "1-0"]
[WhiteElo "1582"]
[BlackElo "1145"]

1. Nf3 d6 2. d4 c5 3. e3 Nf6 4. dxc5 dxc5 5. c4 Qa5+ 6. Nc3 e6 7. Bd2 Bd6 8. Bd3
O-O 9. e4 e5 10. O-O Nc6 11. h3 Qc7 12. Nd5 Qd7 13. Nxf6+ gxf6 14. Nh4 Nd4 15.
Be3 a6 16. Bxd4 cxd4 17. Nf5 Bb4 18. Qg4+ Kh8 19. Qg7# 1-0

[Event "AUTO-BEG-105"]
[Site "http://www.queenalice.com/game.php?id=219674"]
[Date "2007.6.2"]
[Round "1"]
[White "afml"]
[Black "evasion"]
[Result "0-1"]
[WhiteElo "1184"]
[BlackElo "1269"]

1. e4 e5 2. d4 exd4 3. Qxd4 Nc6 4. Qd5 Nf6 5. Qf5 d5 6. exd5 Bxf5 7. Be2 Qxd5 8.
Bf4 Bd6 9. Bf3 Qd4 10. Bxd6 cxd6 11. c3 Qb6 12. Na3 Qxb2 13. Rd1 O-O-O 14. Nc4
Qxc3+ 15. Kf1 Qxc4+ 0-1

[Event "AUTO-BEG-105"]
[Site "http://www.queenalice.com/game.php?id=219675"]
[Date "2007.6.2"]
[Round "1"]
[White "evasion"]
[Black "afml"]
[Result "1-0"]
[WhiteElo "1252"]
[BlackElo "1192"]

1. d4 d5 2. c4 Bg4 3. f3 Bh5 4. Nc3 Nc6 5. cxd5 Nxd4 6. Qxd4 f6 7. e4 Qd7 8. Bf4
h6 9. O-O-O g5 10. Bb5 c6 11. dxc6 Qxd4 12. Rxd4 gxf4 13. cxb7+ Kf7 14. bxa8=Q
e5 15. Rd7+ Ke6 16. Qxf8 1-0

[Event "Challenge"]
[Site "http://www.queenalice.com/game.php?id=219783"]
[Date "2007.6.2"]
[Round "-"]
[White "afml"]
[Black "Tlaloc2k"]
[Result "1-0"]
[WhiteElo "1159"]
[BlackElo "1596"]

1. d4 Nf6 2. c3 e6 3. Nf3 Bd6 4. Qd3 Nc6 5. e4 Be7 6. Be2 d5 7. Ne5 dxe4 8. Qg3
Bf8 9. b4 Bd6 10. b5 Ne7 11. Qxg7 Bxe5 12. Qxh8+ Kd7 13. Qxd8+ Kxd8 14. dxe5
Nfd5 15. Ba3 Nf5 16. c4 Nf4 17. Bh5 Nxg2+ 18. Kf1 Ngh4 19. Nd2 Nd4 20. Rd1 b6
21. Nxe4 Nf5 22. Bxf7 Bb7 23. Ng5 Bxh1 24. Nxh7 Bf3 25. Rd3 Be2+ 26. Kg2 Bxd3
27. Ng5 Nh4+ 28. Kg3 Ndf5+ 29. Kg4 Bxc4 30. Bxe6 Bxe6 31. Nxe6+ Kd7 32. Nf4 Rg8+
33. Kh3 Rh8 34. e6+ Ke8 35. Nd5 Rh6 36. e7 Ng6+ 37. Kg2 Nfh4+ 38. Kf1 Nf3 39.
Nxc7+ Kf7 40. e8=Q+ 1-0